| Поле | Название | Значение |
| |
Тип записи |
a |
| |
Библиографический уровень |
m |
| 001 |
Контрольный номер |
RU/SLIB/B/208772965 |
| 005 |
Дата корректировки |
20210125103203.4 |
| 010 |
Индекс ISBN |
__ |
| d |
Цена |
2-00 |
| 101 |
Язык документа |
0_ |
| a |
Язык текста |
rus |
| 200 |
Заглавие и сведения об ответственности |
1_ |
| a |
Заглавие |
Похищение огня : роман |
| e |
Сведения, относящиеся к заглавию |
в 6 т. |
| f |
Первые сведения об ответственности |
Г. И. Серебрякова ; оформ. худож. И. Сальниковой |
| b |
Общее обозначение материала |
Текст |
| 210 |
Выходные данные |
1_ |
| a |
Место издания |
М. |
| c |
Издательство |
Худож. лит. |
| d |
Дата издания |
1978 |
| 215 |
Физическое описание |
__ |
| a |
Объем |
462 с. |
| 461 |
Уровень набора |
_0 |
| 1 |
|
2001 |
| a |
|
Собрание сочинений |
| v |
|
Т. 2, кн. 1 |
| 606 |
Тематические рубрики |
__ |
| a |
Основная рубрика |
Художественная литература |
| 606 |
Тематические рубрики |
__ |
| a |
Основная рубрика |
Русская литература XX в. (произведения) |
| 610 |
Ключевые слова |
0_ |
| a |
Ключевые слова |
писатели; прозаики; проза; романы; повести |
| 686 |
Индексы других классификаций |
__ |
| a |
Классификационный индекс |
84(2Рос=Рус)6-4 |
| 700 |
Автор |
_1 |
| a |
Фамилия |
Серебрякова |
| b |
Имя |
Г. И. |
| 4 |
Код отношения |
070 |
| 702 |
Вторичная интеллектуальная ответственность |
_1 |
| a |
Фамилия |
Сальникова |
| b |
Имя |
И. |
| 4 |
Код отношения |
Художник |
| 801 |
Источник записи |
_0 |
| a |
Страна |
RU |
| b |
Организация |
Муниципальное бюджетное учреждение культуры "Централизованная библиотечная система" г. Сургут (Центральная городская библиотека им. А. С. Пушкина) |
| g |
Правила каталогизации |
КиК/Елгина; КиК/Уланова |
| 801 |
Источник записи |
_1 |
| a |
Страна |
RU |
| b |
Организация |
Муниципальное бюджетное учреждение культуры "Централизованная библиотечная система" г. Сургут (Центральная городская библиотека им. А. С. Пушкина) |
| g |
Правила каталогизации |
КиК/Елгина; КиК/Уланова |
| 852 |
Данные о местонахождении |
__ |
| j |
Шифр хранения |
84(2Рос=Рус)6-4 |
| i |
Авторский знак |
С 32 |
| p |
Инвентарный номер |
126779(с); 126877(с) |
| 901 |
Тип документа |
__ |
| t |
Тип документа |
m |
| 903 |
Характеристики (МАРС) |
__ |
| a |
Дата передачи |
20091109 |
| 990 |
Данные о заказе (DOS) |
__ |
| j |
Количество экземпляров (DOS) |
1 |
| t |
N записи в КСУ для И/У (DOS) |
ретро |